[Event "CAN-ch U1900"]
[Site "Kingston CAN"]
[Date "2019.04.20"]
[Round "5.26"]
[White "Kuryliw, Ray"]
[Black "Xie, Austin"]
[Result "1/2-1/2"]
[WhiteElo "1885"]
[BlackElo "1750"]
[PlyCount "77"]
[EventDate "2019.04.18"]
[EventType "swiss"]
[EventRounds "9"]
[EventCountry "CAN"]

1. d4 d5 2. c4 e6 3. Nc3 Nf6 4. Bg5 Nbd7 5. Nf3 c6 6. e3 Qa5 7. Nd2 dxc4 8.
Bxf6 Nxf6 9. Nxc4 Qc7 10. Rc1 b5 11. Ne5 Bb4 12. a3 Bxc3+ 13. Rxc3 Bd7 14. Bxb5
Ne4 15. Qc2 Nxc3 16. Qxc3 Rc8 17. Ba4 O-O 18. O-O f6 19. Nxd7 Qxd7 20. Rc1 Rc7
21. b4 Rfc8 22. Bb3 Kh8 23. Qb2 Re8 24. Rc5 Qd6 25. f4 Rb8 26. Bc4 h6 27. Qc2
f5 28. Qa2 Re7 29. Re5 Rbe8 30. Qe2 g6 31. Qf3 Kg7 32. Rc5 Rc7 33. h4 Kf6 34.
g3 Rg8 35. Kf2 h5 36. Qd1 Rb8 37. Qa4 Rb6 38. Ra5 Rbb7 39. Re5 1/2-1/2

[Event "CAN-ch U1900"]
[Site "Kingston CAN"]
[Date "2019.04.20"]
[Round "5.27"]
[White "Groot-Lipman, Jeff"]
[Black "Bond, Hal"]
[Result "0-1"]
[WhiteElo "1848"]
[BlackElo "1644"]
[PlyCount "70"]
[EventDate "2019.04.18"]
[EventType "swiss"]
[EventRounds "9"]
[EventCountry "CAN"]

1. e4 e5 2. Nc3 Nf6 3. f4 d5 4. fxe5 Nxe4 5. Nf3 Bg4 6. Qe2 Nxc3 7. bxc3 c6 8.
h3 Bh5 9. d4 Be7 10. Qf2 O-O 11. Bd3 Nd7 12. O-O c5 13. g4 Bg6 14. Bf5 Re8 15.
h4 cxd4 16. cxd4 Rc8 17. Ng5 Bxg5 18. Bxg5 f6 19. exf6 gxf6 20. Bh6 Bxf5 21.
gxf5 Kh8 22. Kh1 Rg8 23. Rg1 Qe7 24. Rae1 Qf7 25. Qf3 Nb6 26. Re2 Rxg1+ 27.
Kxg1 Rg8+ 28. Kh1 Nc4 29. Re6 Nb6 30. Qe2 Qc7 31. Qh2 Qd8 32. Rd6 Qe8 33. Re6
Qh5 34. Qd2 Qf3+ 35. Kh2 Qg3+ 0-1

[Event "CAN-ch U1900"]
[Site "Kingston CAN"]
[Date "2019.04.20"]
[Round "5.28"]
[White "Balasooriya, Randika"]
[Black "Phillips, Brian"]
[Result "0-1"]
[WhiteElo "1828"]
[BlackElo "1654"]
[PlyCount "78"]
[EventDate "2019.04.18"]
[EventType "swiss"]
[EventRounds "9"]
[EventCountry "CAN"]

1. e4 e6 2. d4 d5 3. exd5 exd5 4. Bd3 Nf6 5. Ne2 c5 6. c3 Be6 7. Nf4 Bd6 8.
dxc5 Bxc5 9. Nd2 Qb6 10. O-O O-O 11. Nb3 Bd6 12. g3 Bxf4 13. Bxf4 Bh3 14. Re1
Ng4 15. Qf3 Nd7 16. Bf1 Bxf1 17. Rxf1 Ngf6 18. Be3 Qd6 19. Rad1 Ne5 20. Qg2 b6
21. Bf4 Rfe8 22. Rfe1 Rad8 23. Nd4 Nfd7 24. Kf1 Qc5 25. Kg1 Nd3 26. Rxe8+ Rxe8
27. Be3 Nxb2 28. Ne2 Qc4 29. Qxd5 Qxe2 30. Rd2 Qe1+ 31. Kg2 Nf6 32. Qb3 Rxe3
33. Qxb2 Re8 34. c4 Qe4+ 35. Kg1 Qxc4 36. Rd4 Qc6 37. Qd2 h6 38. h3 Ne4 39. Qf4
Ng5 0-1

[Event "CAN-ch U1900"]
[Site "Kingston CAN"]
[Date "2019.04.20"]
[Round "5.29"]
[White "Hua, Michelle"]
[Black "Hsu, Ted"]
[Result "1/2-1/2"]
[WhiteElo "1815"]
[BlackElo "1732"]
[PlyCount "101"]
[EventDate "2019.04.18"]
[EventType "swiss"]
[EventRounds "9"]
[EventCountry "CAN"]

1. c4 c6 2. g3 d5 3. cxd5 cxd5 4. Bg2 Nf6 5. Nf3 Nc6 6. d4 e6 7. O-O Be7 8. Nc3
O-O 9. Bf4 a6 10. Rc1 Bd7 11. Qd2 b5 12. Ne5 Qb6 13. Nxc6 Bxc6 14. b3 Rac8 15.
Bg5 b4 16. Nb1 a5 17. Qb2 Qb7 18. Nd2 Bb5 19. Rfe1 h6 20. Bxf6 Bxf6 21. e3 Qa6
22. Nf3 Rxc1 23. Rxc1 Rc8 24. Nd2 Rxc1+ 25. Qxc1 Qc6 26. Qxc6 Bxc6 27. f4 Bb5
28. Bf1 Bxf1 29. Kxf1 Kf8 30. Ke2 Ke8 31. Nf3 g6 32. h4 h5 33. Kd3 Kd7 34. Nd2
Be7 35. Nf3 Bf6 36. Ne1 Be7 37. Ke2 f5 38. Nd3 Bd6 39. Kf3 Ke8 40. Ke2 Kd7 41.
Ne1 Be7 42. Nf3 Bf6 43. Kd2 Kc6 44. Kc2 Kb5 45. Kb2 a4 46. bxa4+ Kxa4 47. Ne1
Be7 48. Nd3 Bd6 49. Ne1 Be7 50. Nf3 Bf6 51. Ne1 1/2-1/2

[Event "CAN-ch U1900"]
[Site "Kingston CAN"]
[Date "2019.04.20"]
[Round "5.30"]
[White "Ramesh, Sanjay"]
[Black "Xiao, Edward"]
[Result "1-0"]
[WhiteElo "1777"]
[BlackElo "1572"]
[PlyCount "95"]
[EventDate "2019.04.18"]
[EventType "swiss"]
[EventRounds "9"]
[EventCountry "CAN"]

1. d4 d5 2. c4 e6 3. Nc3 Nf6 4. Bg5 Be7 5. cxd5 exd5 6. Qc2 c6 7. e3 Nbd7 8.
Bd3 O-O 9. Nge2 Re8 10. O-O Nf8 11. Rab1 Ng6 12. b4 a6 13. a4 Bd6 14. h3 b5 15.
axb5 axb5 16. e4 Be7 17. Bxf6 dxe4 18. Bxe4 Bxf6 19. Bxc6 Bd7 20. Bxa8 Qxa8 21.
Ra1 Qc6 22. Qd3 Nh4 23. d5 Qd6 24. Ne4 Qxb4 25. Nxf6+ gxf6 26. Qd4 Qxd4 27.
Nxd4 Re5 28. Nc6 Rg5 29. g4 Kg7 30. Rfd1 h5 31. f4 Rg6 32. Nb8 hxg4 33. Nxd7
gxh3+ 34. Kh1 Nf3 35. Rg1 Rxg1+ 36. Rxg1+ Nxg1 37. Kxg1 f5 38. Nc5 Kf6 39. d6
b4 40. Kh2 b3 41. Nxb3 Ke6 42. Nd4+ Kxd6 43. Nxf5+ Kd5 44. Kxh3 Ke4 45. Kg4 f6
46. Nh6 Ke3 47. Kf5 Kf3 48. Ng8 1-0

[Event "CAN-ch U1900"]
[Site "Kingston CAN"]
[Date "2019.04.20"]
[Round "5.31"]
[White "Landstrom, William"]
[Black "Sharma, Vishruth"]
[Result "0-1"]
[WhiteElo "1583"]
[BlackElo "1745"]
[PlyCount "78"]
[EventDate "2019.04.18"]
[EventType "swiss"]
[EventRounds "9"]
[EventCountry "CAN"]

1. e4 e5 2. Nf3 Nc6 3. Bc4 Bc5 4. c3 Nf6 5. d3 O-O 6. O-O h6 7. Be3 Bb6 8. Bb3
d6 9. h3 Re8 10. Nbd2 Be6 11. Bc2 d5 12. d4 exd4 13. Nxd4 Nxd4 14. cxd4 dxe4
15. Nxe4 Bc4 16. Nxf6+ Qxf6 17. Re1 Rad8 18. Qg4 Be6 19. Qe4 c6 20. Rad1 g6 21.
Qd3 h5 22. Qd2 Rd7 23. Bg5 Qxd4 24. Qxd4 Rxd4 25. Rxd4 Bxd4 26. b3 Kg7 27. Rd1
c5 28. Be3 Bxe3 29. fxe3 h4 30. Kf2 Kf6 31. Kf3 Ke5 32. Rd3 b6 33. Rc3 Rd8 34.
Bd3 g5 35. Ke2 Bd5 36. e4 Bb7 37. Ke3 Rd4 38. Rc4 Rxc4 39. bxc4 f5 0-1

[Event "CAN-ch U1900"]
[Site "Kingston CAN"]
[Date "2019.04.20"]
[Round "5.32"]
[White "Krolczyk, Jacob"]
[Black "Laurin, Marcel"]
[Result "1-0"]
[WhiteElo "1783"]
[BlackElo "1680"]
[PlyCount "75"]
[EventDate "2019.04.18"]
[EventType "swiss"]
[EventRounds "9"]
[EventCountry "CAN"]

1. b3 e5 2. Bb2 Nc6 3. e3 d5 4. Bb5 Bd6 5. Nf3 Bg4 6. h3 Bxf3 7. Qxf3 Nf6 8. d3
O-O 9. Bxc6 bxc6 10. Nd2 Re8 11. e4 Qe7 12. a3 Rad8 13. O-O g6 14. Rfe1 d4 15.
Nc4 Nh5 16. Bc1 Rf8 17. Na5 Qd7 18. Bh6 Ng7 19. Nc4 f5 20. b4 Rf7 21. Bxg7 Kxg7
22. exf5 Rxf5 23. Qe2 Rdf8 24. Rf1 h5 25. Nd2 Rf4 26. Ne4 R8f5 27. f3 Qf7 28.
Rf2 h4 29. Rff1 Be7 30. Nf2 Rxf3 31. gxf3 Rxf3 32. Ne4 Rf5 33. Qg4 Rf4 34. Rxf4
exf4 35. Rf1 Qa2 36. Qxf4 Bd6 37. Qf6+ Kh6 38. Qh8# 1-0

[Event "CAN-ch U1900"]
[Site "Kingston CAN"]
[Date "2019.04.20"]
[Round "5.33"]
[White "Dupont-Mageau, Nicolas"]
[Black "Perkins, Simon"]
[Result "1-0"]
[WhiteElo "1459"]
[BlackElo "1753"]
[PlyCount "131"]
[EventDate "2019.04.18"]
[EventType "swiss"]
[EventRounds "9"]
[EventCountry "CAN"]

1. e4 d5 2. exd5 Qxd5 3. Nc3 Qd6 4. d4 c6 5. Be3 Nf6 6. Bc4 Bf5 7. Qd2 e6 8.
Nge2 Qd8 9. h3 Nbd7 10. Ng3 Bg6 11. O-O Bb4 12. a3 Nb6 13. Bb3 Be7 14. Rad1
Nfd5 15. Nce4 Nxe3 16. Qxe3 O-O 17. Nc5 Qc7 18. Bxe6 Bxc5 19. dxc5 Nc8 20. Rd7
Qa5 21. Bf5 Bxf5 22. Nxf5 b6 23. Qg5 g6 24. Qf6 gxf5 25. Rd3 f4 26. Qg5+ Kh8
27. Rd8 Ne7 28. Rxf8+ Rxf8 29. Qxe7 Qxc5 30. Qxc5 bxc5 31. Rd1 Re8 32. Kf1 Kg7
33. Rd7 Rb8 34. b3 a6 35. Rd6 Rc8 36. Ke2 Kf8 37. Kf3 Ke7 38. Rd2 Rg8 39. Re2+
Kd6 40. Re4 f5 41. Rxf4 Ke5 42. Ra4 Rd8 43. Rc4 Rd5 44. g3 h5 45. h4 a5 46. a4
Kf6 47. Rc3 Ke5 48. Re3+ Kf6 49. Rd3 Ke5 50. Ke3 Rd4 51. f4+ Kd5 52. c4+ Kd6
53. Rc3 Re4+ 54. Kf3 Rd4 55. Kg2 Rd2+ 56. Kf3 Rd4 57. Re3 Rd2 58. Re8 Rd3+ 59.
Re3 Rd4 60. Ke2 Kd7 61. Re5 Re4+ 62. Rxe4 fxe4 63. Ke3 Ke6 64. Kxe4 Kf6 65. f5
Ke7 66. Ke5 1-0

[Event "CAN-ch U1900"]
[Site "Kingston CAN"]
[Date "2019.04.20"]
[Round "5.34"]
[White "Samuel, Victor"]
[Black "Dong, Yiwei"]
[Result "1/2-1/2"]
[WhiteElo "1632"]
[BlackElo "1595"]
[PlyCount "61"]
[EventDate "2019.04.18"]
[EventType "swiss"]
[EventRounds "9"]
[EventCountry "CAN"]

1. d4 e6 2. Bf4 c5 3. e3 Nf6 4. Nf3 d5 5. Nbd2 Nc6 6. c3 Be7 7. h3 b6 8. Bd3
Bb7 9. O-O O-O 10. Bc2 Re8 11. Re1 Rc8 12. Ne5 Nxe5 13. dxe5 Ne4 14. Nxe4 dxe4
15. Qg4 Qd5 16. Red1 Qc6 17. a4 Red8 18. Bh6 Bf8 19. Bg5 Rd5 20. Bf6 Kh8 21.
Rxd5 exd5 22. Bh4 Re8 23. Bg3 Qe6 24. Qe2 g6 25. f4 exf3 26. Qxf3 Bg7 27. Rf1
Rf8 28. Qf4 Kg8 29. Bd1 Re8 30. Bg4 Qe7 31. Bh4 1/2-1/2

[Event "CAN-ch U1900"]
[Site "Kingston CAN"]
[Date "2019.04.20"]
[Round "5.35"]
[White "Masse-Garneau, Anthony"]
[Black "Durhan, Batuhan"]
[Result "0-1"]
[WhiteElo "1742"]
[BlackElo "1661"]
[PlyCount "66"]
[EventDate "2019.04.18"]
[EventType "swiss"]
[EventRounds "9"]
[EventCountry "CAN"]

1. d4 d5 2. c4 e6 3. Nc3 Nf6 4. Bg5 Be7 5. e3 O-O 6. Nf3 b6 7. Rc1 Bb7 8. Be2
Nbd7 9. O-O c5 10. cxd5 Nxd5 11. Bxe7 Qxe7 12. dxc5 Nxc5 13. Qc2 Nb4 14. Qb1
Rad8 15. Rcd1 f5 16. a3 Nd5 17. Nxd5 Bxd5 18. b4 Ne4 19. Qb2 Ng5 20. Ne5 Rf6
21. f4 Ne4 22. Bf3 Rh6 23. g3 g5 24. b5 Qc5 25. Rd3 Rc8 26. Bg2 g4 27. Rd4 Qc2
28. Qb4 Qxg2+ 29. Kxg2 Rc2+ 30. Kg1 Rhxh2 31. Rfd1 Rcg2+ 32. Kf1 Nxg3+ 33. Ke1
Rh1# 0-1

[Event "CAN-ch U1900"]
[Site "Kingston CAN"]
[Date "2019.04.20"]
[Round "5.36"]
[White "Srinivas, Atharva"]
[Black "Page, Dany"]
[Result "1-0"]
[WhiteElo "1683"]
[BlackElo "1740"]
[PlyCount "49"]
[EventDate "2019.04.18"]
[EventType "swiss"]
[EventRounds "9"]
[EventCountry "CAN"]

1. e4 c5 2. Nc3 Nc6 3. f4 g6 4. Nf3 Bg7 5. Bb5 e6 6. Bxc6 bxc6 7. d3 Ne7 8. O-O
d5 9. Qe1 Rb8 10. Qf2 d4 11. Ne2 O-O 12. Qg3 Ba6 13. b3 c4 14. bxc4 Bxc4 15. e5
Nf5 16. Qf2 Ba6 17. Nexd4 Ne7 18. Ba3 Rc8 19. Bc5 Qd7 20. Nb3 Rfd8 21. Bxa7 Nd5
22. Bd4 Ra8 23. g3 Qe8 24. Nfd2 Bf8 25. Ne4 1-0

[Event "CAN-ch U1900"]
[Site "Kingston CAN"]
[Date "2019.04.20"]
[Round "5.37"]
[White "Dickson, Raymond"]
[Black "Stopic, Alexander"]
[Result "0-1"]
[WhiteElo "1594"]
[BlackElo "1689"]
[PlyCount "88"]
[EventDate "2019.04.18"]
[EventType "swiss"]
[EventRounds "9"]
[EventCountry "CAN"]

1. d4 d5 2. e3 Nf6 3. f4 Bf5 4. Bd3 e6 5. Nf3 Ne4 6. O-O c5 7. c3 Nd7 8. Qe2 c4
9. Bxe4 Bxe4 10. Qf2 Nf6 11. Ne5 Bd6 12. Nd2 O-O 13. Nxe4 Nxe4 14. Qe2 Bxe5 15.
fxe5 f6 16. exf6 Rxf6 17. Bd2 Rh6 18. Rf3 Qd6 19. g3 Ng5 20. Rff1 Ne4 21. Rf3
Rf8 22. Raf1 Rff6 23. Be1 Ng5 24. Rxf6 Rxf6 25. Rxf6 gxf6 26. Qg4 Kf7 27. Qh5+
Kg7 28. Qg4 Kg6 29. Kg2 h5 30. Qf4 e5 31. Qh4 Qe6 32. Bf2 Qf5 33. g4 Qf3+ 34.
Kf1 hxg4 35. dxe5 fxe5 36. Qh8 Qh3+ 37. Qxh3 Nxh3 38. Bg3 Kf5 39. Ke2 Ke4 40.
Kd2 Ng5 41. a3 b5 42. Ke2 Ne6 43. Bf2 Nc5 44. Bg3 Nd3 0-1

[Event "CAN-ch U1900"]
[Site "Kingston CAN"]
[Date "2019.04.20"]
[Round "5.38"]
[White "Frangakis, Evan"]
[Black "Dickaon, Kirk Johannes"]
[Result "0-1"]
[WhiteElo "1547"]
[BlackElo "1682"]
[PlyCount "76"]
[EventDate "2019.04.18"]
[EventType "swiss"]
[EventRounds "9"]
[EventCountry "CAN"]

1. d4 d5 2. Nf3 e6 3. c4 c6 4. Qb3 f5 5. Bf4 Bd6 6. Be5 Nf6 7. cxd5 exd5 8. e3
O-O 9. Bd3 Ne4 10. Nc3 Kh8 11. Qc2 Bb4 12. O-O Bd6 13. Rab1 Qe7 14. Bxd6 Qxd6
15. b4 Nd7 16. Rfc1 Rf6 17. Bf1 Rh6 18. g3 Qg6 19. Nxd5 Qh5 20. Bg2 g5 21. Nc3
Ndf6 22. h3 Be6 23. Qe2 Nd5 24. Nxd5 Bxd5 25. Rb2 Rf8 26. Ne5 Qe8 27. a3 Qe6
28. b5 f4 29. g4 Rhf6 30. bxc6 bxc6 31. Qc2 fxe3 32. Bxe4 Rxf2 33. Qb1 Bxe4 34.
Qxe4 Rxb2 35. Qxe3 Qd5 36. Qg3 Qxd4+ 37. Kh1 Rff2 38. Ng6+ hxg6 0-1

[Event "CAN-ch U1900"]
[Site "Kingston CAN"]
[Date "2019.04.20"]
[Round "5.39"]
[White "Lemieux, Richard"]
[Black "Lesage, Pierre"]
[Result "0-1"]
[WhiteElo "1802"]
[BlackElo "1676"]
[PlyCount "74"]
[EventDate "2019.04.18"]
[EventType "swiss"]
[EventRounds "9"]
[EventCountry "CAN"]

1. e4 d6 2. d4 Nf6 3. Nc3 g6 4. Nf3 Bg7 5. Bc4 O-O 6. O-O Nc6 7. a3 Bg4 8. Be3
Nd7 9. Qd2 Bxf3 10. gxf3 e5 11. Ne2 exd4 12. Bg5 Qe8 13. Ng3 Nde5 14. Be2 Qe6
15. f4 Nd7 16. f5 Qe8 17. Bh6 Nf6 18. fxg6 hxg6 19. f3 Kh7 20. Bxg7 Kxg7 21.
Kh1 Rh8 22. Rg1 Nh5 23. Nf5+ Kf8 24. Nxd4 Qe5 25. Nxc6 bxc6 26. Qg5 Nf4 27.
Qxe5 dxe5 28. Bc4 Ke7 29. Rad1 Rh3 30. Rg3 Rah8 31. Rxh3 Rxh3 32. Rf1 Nh5 33.
Rf2 Nf4 34. Kg1 f5 35. Bd3 Kf6 36. a4 Rh8 37. Ba6 Nh3+ 0-1

[Event "CAN-ch U1900"]
[Site "Kingston CAN"]
[Date "2019.04.21"]
[Round "6.26"]
[White "Phillips, Brian"]
[Black "Bond, Hal"]
[Result "1/2-1/2"]
[WhiteElo "1654"]
[BlackElo "1644"]
[PlyCount "88"]
[EventDate "2019.04.18"]
[EventType "swiss"]
[EventRounds "9"]
[EventCountry "CAN"]

1. e4 Nf6 2. Nc3 e5 3. Nf3 Bb4 4. Bc4 Nc6 5. O-O O-O 6. d3 h6 7. Nd5 d6 8. h3
Nxd5 9. Bxd5 Be6 10. Bxe6 fxe6 11. Nh2 Qh4 12. Nf3 Qh5 13. c3 Bc5 14. Be3 Bb6
15. Bxb6 axb6 16. Nh2 Qg5 17. Nf3 Qf4 18. Qd2 Qf6 19. Nh2 Rf7 20. Ng4 Qg6 21.
f3 Raf8 22. Rf2 h5 23. Nh2 Rf4 24. Nf1 Rxf3 25. Rxf3 Rxf3 26. Kh2 Rf4 27. Ne3
Qf6 28. Kg1 Ne7 29. Rf1 Ng6 30. Qe2 Qg5 31. Kh2 Rxf1 32. Nxf1 Nf4 33. Qd2 h4
34. a4 Qf6 35. Ne3 Qg5 36. Nf1 d5 37. b4 d4 38. c4 Kf7 39. a5 Ke7 40. axb6 cxb6
41. b5 Kd7 42. Kh1 Qh5 43. Nh2 Ne2 44. Ng4 Nf4 1/2-1/2

[Event "CAN-ch U1900"]
[Site "Kingston CAN"]
[Date "2019.04.21"]
[Round "6.27"]
[White "Sharma, Vishruth"]
[Black "Kuryliw, Ray"]
[Result "1/2-1/2"]
[WhiteElo "1745"]
[BlackElo "1885"]
[PlyCount "73"]
[EventDate "2019.04.18"]
[EventType "swiss"]
[EventRounds "9"]
[EventCountry "CAN"]

1. e4 Nf6 2. e5 Nd5 3. d4 d6 4. c4 Nb6 5. exd6 cxd6 6. Bd3 g6 7. Nc3 Bg7 8. Be3
O-O 9. Qd2 Nc6 10. Be2 e5 11. dxe5 dxe5 12. c5 Qxd2+ 13. Bxd2 Nd7 14. Be3 Nd4
15. Bxd4 exd4 16. Na4 Rd8 17. O-O-O Nf8 18. b4 Be6 19. Kb1 Bf5+ 20. Bd3 Bxd3+
21. Rxd3 Ne6 22. Ne2 Re8 23. Rd2 Re7 24. Re1 Rae8 25. Nc1 Nf4 26. g3 Nd5 27.
Nd3 b5 28. cxb6 axb6 29. Rc1 b5 30. Nac5 Nc3+ 31. Ka1 Re2 32. Rcc2 R2e7 33. Kb2
h5 34. Nb3 Rd8 35. Nf4 Re1 36. Rc1 Rxc1 37. Kxc1 1/2-1/2

[Event "CAN-ch U1900"]
[Site "Kingston CAN"]
[Date "2019.04.21"]
[Round "6.28"]
[White "Xie, Austin"]
[Black "Ramesh, Sanjay"]
[Result "0-1"]
[WhiteElo "1750"]
[BlackElo "1777"]
[PlyCount "116"]
[EventDate "2019.04.18"]
[EventType "swiss"]
[EventRounds "9"]
[EventCountry "CAN"]

1. e4 c6 2. Nc3 d5 3. Nf3 dxe4 4. Nxe4 Nf6 5. Nxf6+ exf6 6. d4 Bg4 7. c3 Bd6 8.
Bc4 O-O 9. O-O Qc7 10. h3 Bh5 11. Re1 Nd7 12. Be3 Rfe8 13. Kh1 Rad8 14. Qd2
Bxf3 15. gxf3 Nf8 16. Rg1 Ng6 17. Qd3 Qd7 18. Qf1 Qf5 19. Qg2 Bf8 20. Qg4 Qxg4
21. fxg4 Bd6 22. Bf1 Bf4 23. Bxf4 Nxf4 24. Kh2 Re4 25. Kg3 Ne2+ 26. Bxe2 Rxe2
27. Rab1 Rde8 28. Kf3 Kf8 29. Rgd1 Rc2 30. Rdc1 Rd2 31. Rd1 Rc2 32. Rdc1 Ree2
33. Rxc2 Rxc2 34. Kg3 Ke7 35. f4 Kd6 36. Kf3 Rh2 37. Kg3 Rc2 38. Kf3 a5 39. h4
a4 40. Ke4 Re2+ 41. Kf3 Rc2 42. Ke4 b5 43. h5 g6 44. h6 Rh2 45. g5 Ke6 46. a3
f5+ 47. Ke3 Kd5 48. b3 axb3 49. Rxb3 Kc4 50. Rb4+ Kxc3 51. d5 cxd5 52. Rxb5 d4+
53. Kf3 d3 54. Rd5 d2 55. a4 Rh1 56. Ke2 Re1+ 57. Kf2 d1=Q 58. Rxd1 Rxd1 0-1

[Event "CAN-ch U1900"]
[Site "Kingston CAN"]
[Date "2019.04.21"]
[Round "6.29"]
[White "Hsu, Ted"]
[Black "Groot-Lipman, Jeff"]
[Result "0-1"]
[WhiteElo "1732"]
[BlackElo "1848"]
[PlyCount "84"]
[EventDate "2019.04.18"]
[EventType "swiss"]
[EventRounds "9"]
[EventCountry "CAN"]

1. d4 e6 2. Bf4 f5 3. Nf3 Nf6 4. e3 Be7 5. c4 O-O 6. h3 b6 7. Nc3 Bb7 8. Be2 d6
9. Qb3 c6 10. O-O Na6 11. Rfd1 Ne4 12. Bd3 c5 13. d5 Nxc3 14. bxc3 e5 15. Qc2
e4 16. Bxe4 fxe4 17. Qxe4 Bc8 18. g4 Bf6 19. Kg2 g5 20. Bg3 Rb8 21. h4 Rb7 22.
hxg5 Bxg5 23. Rh1 Re8 24. Nxg5 Rxe4 25. Nxe4 Bxg4 26. Rh6 Rf7 27. Bf4 Nc7 28.
Rah1 Ne8 29. Nxd6 Nxd6 30. Rxd6 Qf8 31. Rhh6 Rxf4 32. exf4 Qxf4 33. Rd8+ Kg7
34. Rc6 Bf3+ 35. Kg1 Qc1+ 36. Kh2 Qh1+ 37. Kg3 Qg2+ 38. Kf4 Qg4+ 39. Ke3 Qe4+
40. Kd2 Qe2+ 41. Kc1 Qd1+ 42. Kb2 Qd2+ 0-1

[Event "CAN-ch U1900"]
[Site "Kingston CAN"]
[Date "2019.04.21"]
[Round "6.30"]
[White "Dupont-Mageau, Nicolas"]
[Black "Balasooriya, Randika"]
[Result "1/2-1/2"]
[WhiteElo "1459"]
[BlackElo "1828"]
[PlyCount "100"]
[EventDate "2019.04.18"]
[EventType "swiss"]
[EventRounds "9"]
[EventCountry "CAN"]

1. e4 e5 2. Nf3 Nc6 3. Bb5 Nf6 4. O-O Bc5 5. d3 Qe7 6. c3 a6 7. Ba4 b5 8. Bc2
d6 9. h3 h6 10. Nbd2 O-O 11. Re1 Bb7 12. Nf1 Nh5 13. Ne3 Bxe3 14. Bxe3 Nf6 15.
Qe2 Rfe8 16. Nh4 Qd7 17. Rad1 Ne7 18. Qf3 c5 19. Bxh6 Nxe4 20. dxe4 gxh6 21.
Qg3+ Kh7 22. Qxe5 Ng6 23. Qg3 Nxh4 24. Qxh4 Re6 25. f3 Kg7 26. Re2 Rae8 27.
Red2 Qc7 28. Rxd6 Qxd6 29. Rxd6 Rxd6 30. Qg3+ Rg6 31. Qc7 Bc6 32. e5 Rge6 33.
Bf5 R8e7 34. Qb6 Rxe5 35. Qxc6 Rxf5 36. Qxa6 c4 37. Qd6 Rfe5 38. Qd4 f6 39.
Qg4+ Kf7 40. f4 Re4 41. Qh5+ Kg7 42. f5 Rf7 43. Qg6+ Kf8 44. Qxh6+ Ke7 45. Kf2
Re5 46. g4 Kd6 47. Qd2+ Rd5 48. Qf4+ Kc6 49. Qe4 Rfd7 50. Qe6+ R5d6 1/2-1/2

[Event "CAN-ch U1900"]
[Site "Kingston CAN"]
[Date "2019.04.21"]
[Round "6.31"]
[White "Krolczyk, Jacob"]
[Black "Hua, Michelle"]
[Result "0-1"]
[WhiteElo "1783"]
[BlackElo "1815"]
[PlyCount "90"]
[EventDate "2019.04.18"]
[EventType "swiss"]
[EventRounds "9"]
[EventCountry "CAN"]

1. b3 Nf6 2. Bb2 e6 3. Nf3 Be7 4. g3 O-O 5. Bg2 d5 6. O-O c5 7. d3 Nc6 8. Nbd2
b6 9. Re1 Bb7 10. e4 dxe4 11. Nxe4 Nxe4 12. Rxe4 Nd4 13. Re1 Bf6 14. Nxd4 Bxg2
15. Kxg2 Bxd4 16. Bxd4 cxd4 17. h4 Qd5+ 18. Qf3 Qxf3+ 19. Kxf3 Rac8 20. Rac1
Rc3 21. Re4 Rd8 22. Ke2 Rd5 23. f4 b5 24. a3 Rc6 25. Kd2 f5 26. Re5 Rxe5 27.
fxe5 Rc3 28. Rf1 Rc5 29. Rf4 Rd5 30. g4 g6 31. g5 Kf7 32. c4 dxc3+ 33. Kxc3
Rxe5 34. Kb4 Ke7 35. Ka5 Kd6 36. Ka6 Kc6 37. a4 bxa4 38. bxa4 Rc5 39. Kxa7 e5
40. Rb4 Ra5+ 41. Kb8 Kc5 42. Rb7 Rxa4 43. Rxh7 Ra6 44. Rf7 f4 45. Rf6 Rxf6 0-1

[Event "CAN-ch U1900"]
[Site "Kingston CAN"]
[Date "2019.04.21"]
[Round "6.32"]
[White "Dong, Yiwei"]
[Black "Srinivas, Atharva"]
[Result "1-0"]
[WhiteElo "1595"]
[BlackElo "1683"]
[PlyCount "151"]
[EventDate "2019.04.18"]
[EventType "swiss"]
[EventRounds "9"]
[EventCountry "CAN"]

1. d4 d5 2. Nf3 Nf6 3. Bf4 c6 4. c3 Nbd7 5. Nbd2 e6 6. e3 Be7 7. Bd3 h6 8. h3
b6 9. Qe2 Bb7 10. e4 dxe4 11. Nxe4 c5 12. O-O O-O 13. Rfe1 cxd4 14. cxd4 Nd5
15. Bd2 N7f6 16. a3 Qd7 17. Ne5 Qd8 18. Nxf6+ Nxf6 19. Bc3 Qd5 20. f4 Rac8 21.
Rad1 Qd8 22. f5 Bd5 23. fxe6 fxe6 24. Ng6 Rf7 25. Bf5 Bxa3 26. Bxe6 Bxe6 27.
Qxe6 Bd6 28. Ne5 Rcc7 29. Nxf7 Rxf7 30. Ra1 Kf8 31. Qb3 Nd5 32. Kh1 Nf4 33. Rf1
Qg5 34. Qc2 Qg3 35. Be1 Qg5 36. Qc8+ Ke7 37. Rxa7+ Kf6 38. Rxf7+ Kxf7 39. Qg4
Qxg4 40. hxg4 Ke6 41. Bg3 g5 42. Bxf4 Bxf4 43. Rd1 Kd5 44. Re1 Kxd4 45. Re6 b5
46. Rc6 Kd5 47. Rc2 Kd4 48. Kg1 Kd3 49. Rc6 Kd4 50. Kf1 Kd5 51. Rc2 b4 52. Ke2
Bd6 53. b3 Ke5 54. Rc4 Kd5 55. Kd3 Ke5 56. Re4+ Kf6 57. Kc4 Bf8 58. Kb5 Bd6 59.
Rxb4 Bxb4 60. Kxb4 Ke5 61. Kc5 Kf4 62. b4 Kxg4 63. b5 Kg3 64. b6 Kxg2 65. b7 g4
66. b8=Q g3 67. Qb2+ Kh1 68. Qc1+ Kh2 69. Qxh6+ Kg1 70. Kd4 g2 71. Ke3 Kf1 72.
Qf4+ Kg1 73. Kf3 Kh1 74. Qh4+ Kg1 75. Qf2+ Kh2 76. Qxg2# 1-0

[Event "CAN-ch U1900"]
[Site "Kingston CAN"]
[Date "2019.04.21"]
[Round "6.33"]
[White "Durhan, Batuhan"]
[Black "Landstrom, William"]
[Result "0-1"]
[WhiteElo "1661"]
[BlackElo "1583"]
[PlyCount "72"]
[EventDate "2019.04.18"]
[EventType "swiss"]
[EventRounds "9"]
[EventCountry "CAN"]

1. e4 d6 2. d4 Nf6 3. Nc3 e5 4. d5 c6 5. dxc6 bxc6 6. Bd3 Be7 7. f3 Nbd7 8. Be3
Qc7 9. Nge2 a6 10. Ng3 Nb6 11. O-O O-O 12. Qd2 d5 13. exd5 cxd5 14. Bg5 d4 15.
Nce4 Nbd5 16. Nxf6+ Bxf6 17. Bxf6 Nxf6 18. Ne4 Nxe4 19. Bxe4 Rb8 20. b3 f5 21.
Bd5+ Kh8 22. f4 Qc5 23. Bc4 e4 24. Kh1 Bb7 25. Rad1 Rbd8 26. Qf2 e3 27. Qe2 Qb6
28. Rc1 Rf6 29. Rg1 Rg6 30. Bf7 Rg4 31. Rcf1 Qc7 32. Be6 Be4 33. Bc4 Rxf4 34.
Bxa6 Rxf1 35. Rxf1 Qxc2 36. Qc4 Qxg2# 0-1

[Event "CAN-ch U1900"]
[Site "Kingston CAN"]
[Date "2019.04.21"]
[Round "6.34"]
[White "Xiao, Edward"]
[Black "Samuel, Victor"]
[Result "1-0"]
[WhiteElo "1572"]
[BlackElo "1632"]
[PlyCount "99"]
[EventDate "2019.04.18"]
[EventType "swiss"]
[EventRounds "9"]
[EventCountry "CAN"]

1. d4 e6 2. c4 b6 3. Nc3 Bb7 4. e3 f5 5. Nf3 Nf6 6. Bd3 Be7 7. Qe2 Nc6 8. a3
Na5 9. b4 Nb3 10. Rb1 Nxc1 11. Rxc1 a5 12. Qb2 axb4 13. axb4 O-O 14. Ke2 Ne4
15. Ra1 Nxc3+ 16. Qxc3 c5 17. bxc5 Rxa1 18. Rxa1 bxc5 19. Qa5 Qxa5 20. Rxa5
cxd4 21. exd4 Ra8 22. Rxa8+ Bxa8 23. g3 d6 24. d5 Kf7 25. dxe6+ Kxe6 26. Nd4+
Kf6 27. Nxf5 Bf8 28. Ne3 h6 29. Kd2 Ke5 30. f4+ Kd4 31. Nc2+ Kc5 32. Ke3 d5 33.
Nd4 Kb4 34. Ne6 Be7 35. cxd5 Bxd5 36. Nxg7 Bc5+ 37. Ke2 Bg1 38. h4 Kc3 39. Bg6
Bc4+ 40. Kf3 Kd2 41. Nf5 Bd3 42. h5 Bxf5 43. Bxf5 Bd4 44. Ke4 Bf6 45. Bg4 Kc3
46. Be6 Kb4 47. Kf5 Bd4 48. Kg6 Bf2 49. g4 Bg3 50. f5 1-0

[Event "CAN-ch U1900"]
[Site "Kingston CAN"]
[Date "2019.04.21"]
[Round "6.35"]
[White "Perkins, Simon"]
[Black "Dickaon, Kirk Johannes"]
[Result "1-0"]
[WhiteElo "1680"]
[BlackElo "1594"]
[PlyCount "103"]
[EventDate "2019.04.18"]
[EventType "swiss"]
[EventRounds "9"]
[EventCountry "CAN"]

1. d4 d5 2. Bf4 e6 3. e3 Bd6 4. Bg3 c6 5. Nf3 f5 6. Bd3 Nf6 7. O-O O-O 8. c4
Ne4 9. Bxd6 Qxd6 10. c5 Qe7 11. Nc3 Nd7 12. Rc1 Rf6 13. b4 Rh6 14. h3 g5 15.
Ne5 Nxe5 16. dxe5 g4 17. Bxe4 dxe4 18. hxg4 Qh4 19. f3 exf3 20. Qxf3 Qh2+ 21.
Kf2 Qxe5 22. g5 Rh4 23. Rfd1 Kg7 24. Qg3 Qxg3+ 25. Kxg3 Rxb4 26. Ne2 Rg4+ 27.
Kf3 Rxg5 28. Rd8 e5 29. Rh1 f4 30. Kf2 fxe3+ 31. Kxe3 Rxg2 32. Nc1 b6 33. Rf1
Rg3+ 34. Kd2 Bh3 35. Rxa8 Bxf1 36. Rxa7+ Kh6 37. cxb6 Rg8 38. a4 Rb8 39. a5 Kg6
40. Nb3 h5 41. Ke3 h4 42. Kf2 Rf8+ 43. Kg1 Rf3 44. Ra8 Rxb3 45. Kxf1 h3 46. Rh8
e4 47. a6 Rb1+ 48. Ke2 Rxb6 49. a7 Rb2+ 50. Ke3 Rb3+ 51. Kxe4 Rb4+ 52. Kd3 1-0